| 000 | 01033nam a22002057a 4500 | ||
|---|---|---|---|
| 999 |
_c62884 _d62884 |
||
| 003 | Ge_BSU | ||
| 005 | 20250314162339.0 | ||
| 008 | 250314s1969 ge ||||| |||| 00| 0 geo d | ||
| 041 | _ageo | ||
| 080 | _a611(075.3) : 612(075.3) : 613(075.3) ც-89 | ||
| 100 |
_aცუზმერი, ანა _924567 |
||
| 245 |
_aადამიანი : _bანატომია, ფიზიოლოგია ჰიგიენა. საშ. სკოლის მე-8 კლასის სახელმძღვ. / _c ანა ცუზმერი, ოქსანა პეტრიშინა. |
||
| 264 |
_aთბილისი : _bგანათლება, _c1969. |
||
| 300 |
_a301 გვ.: _bილ. ; _c22 სმ. |
||
| 653 | _aადამიანის ანატომია | ||
| 653 | _aადამიანის ფიზიოლოგია | ||
| 653 | _aმედიცინა | ||
| 700 |
_aპეტრიშინა, ოქსანა _eავტორი _924568 |
||
| 942 |
_2udc _cᲬᲘᲒᲜᲘ |
||